000 00704nam a2200289Ia 4500
005 20260324150813.0
008 008 260324s9999 xx 000 0 eng d
020 _a9781003011552
037 _aEBOOK
040 _aCRL
040 _beng
040 _cCRL
041 _2eng
041 _aeng
084 _qCRL
100 _aAugust Closs
_91227662
245 4 _aThe Genius of the German Lyric
245 3 _bAn Historic Survey Of Its Formal And Metaphysical Values
260 _bTaylor and Francis
260 _c1938
365 _a
365 _b230
856 _uhttp://www.taylorfrancis.com/books/9781003011552
942 _cEBOOK
999 _c1837776
_d1837776